<?xml version="1.0" encoding="UTF-8"?>
<record
    xmlns:xsi="http://www.w3.org/2001/XMLSchema-instance"
    xsi:schemaLocation="http://www.loc.gov/MARC21/slim http://www.loc.gov/standards/marcxml/schema/MARC21slim.xsd"
    xmlns="http://www.loc.gov/MARC21/slim">

  <leader>00694nam a2200169Ia 4500</leader>
  <controlfield tag="003">LK-CoDNM</controlfield>
  <controlfield tag="008">010623t1998    xxu||||| |||| 00| 1 sin d</controlfield>
  <datafield tag="040" ind1=" " ind2=" ">
    <subfield code="a">LK-CoDNM</subfield>
    <subfield code="d">LK-CoDNM</subfield>
    <subfield code="e">LK-CoDNM</subfield>
  </datafield>
  <datafield tag="041" ind1=" " ind2=" ">
    <subfield code="a">sin</subfield>
  </datafield>
  <datafield tag="080" ind1=" " ind2=" ">
    <subfield code="a">(x) Nuwara Eliya</subfield>
  </datafield>
  <datafield tag="245" ind1=" " ind2=" ">
    <subfield code="a">&#xD85;&#xDB7;&#xDD2;&#xDB8;&#xDCF;&#xDB1;&#xDC0;&#xDAD;&#xDCA; &#xD85;&#xDB1;&#xDCF;&#xD9C;&#xDAD;&#xDBA;&#xD9A;&#xDCA; &#xD9A;&#xDBB;&#xDCF; &#xDC3;&#xDD2;&#xDC0;&#xDCA; &#xDC0;&#xDC3;&#xDBB;&#xD9A; &#xDC3;&#xDB8;&#xDCF;&#xDA2; &#xDC4;&#xDCF; &#xD86;&#xDBB;&#xDCA;&#xDAE;&#xDD2;&#xD9A; &#xDB4;&#xDCA;&#x200D;&#xDBB;&#x200D;&#xD9C;&#xDAD;&#xDD2;&#xDBA; - &#xDB1;&#xDD4;&#xDC0;&#xDBB;&#xD91;&#xDC5;&#xDD2;&#xDBA; 1994-98</subfield>
  </datafield>
  <datafield tag="246" ind1=" " ind2=" ">
    <subfield code="a">Abhimanawath anagathayak kara siu wasaraka samaja haa arthika pragathiya : Nuwara Eliya 1994-98</subfield>
  </datafield>
  <datafield tag="260" ind1=" " ind2=" ">
    <subfield code="b">Mudal Haa Kramasampadana Amathyanshaya</subfield>
    <subfield code="a">Colombo</subfield>
    <subfield code="c">1998</subfield>
  </datafield>
  <datafield tag="300" ind1=" " ind2=" ">
    <subfield code="b">72, 19.5 cm</subfield>
  </datafield>
  <datafield tag="650" ind1=" " ind2=" ">
    <subfield code="a">Nuwara Eliya</subfield>
  </datafield>
  <datafield tag="942" ind1=" " ind2=" ">
    <subfield code="c">BK</subfield>
  </datafield>
  <datafield tag="952" ind1=" " ind2=" ">
    <subfield code="0">0</subfield>
    <subfield code="1">0</subfield>
    <subfield code="4">0</subfield>
    <subfield code="7">0</subfield>
    <subfield code="8">MONO</subfield>
    <subfield code="a">MAIN</subfield>
    <subfield code="b">MAIN</subfield>
    <subfield code="d">2023-08-02</subfield>
    <subfield code="l">0</subfield>
    <subfield code="o">(x) Nuwara Eliya</subfield>
    <subfield code="p">P23730</subfield>
    <subfield code="r">2023-08-02</subfield>
    <subfield code="w">2023-08-02</subfield>
    <subfield code="y">BK</subfield>
  </datafield>
  <datafield tag="999" ind1=" " ind2=" ">
    <subfield code="c">118759</subfield>
    <subfield code="d">118759</subfield>
  </datafield>
</record>
